[Event "DSJ Weihnachtsturnier U16: Lasker 2020"]
[Site ""]
[Date "2020.12.28"]
[Round "2"]
[White "Zeltner, Richard"]
[Black "Haufe, Laurin"]
[Result "1/2-1/2"]
[Termination "normal"]
[Board "4.2"]
[WhiteElo "1599"]
[BlackElo "2052"]
[WhiteTeam "SC Erlangen 48/88"]
[BlackTeam "Schachgemeinschaft Leipzig"]
[PlyCount "177"]
[WhiteFideId "12972703"]
[BlackFideId "12976504"]
[EventRounds "7"]
[EventType "team-swiss"]
[EventDate "2020.12.28"]

1. e4 {[%emt 0:00:12]} c5 {[%emt 0:00:01]} 2. Nf3 {[%emt 0:00:02]} d6 {[%emt
0:00:01]} 3. d4 {[%emt 0:00:01]} cxd4 {[%emt 0:00:01]} 4. Nxd4 {[%emt 0:00:01]}
Nf6 {[%emt 0:00:01]} 5. Nc3 {[%emt 0:00:02]} a6 {[%emt 0:00:01]} 6. f4 { [%emt
0:00:33]} e6 {[%emt 0:00:32]} 7. Qf3 {[%emt 0:00:08]} Be7 {[%emt 0:00:09] } 8.
Be3 {[%emt 0:00:05]} Nbd7 {[%emt 0:00:08]} 9. O-O-O {[%emt 0:00:02]} Qc7 {
[%emt 0:00:07]} 10. g4 {[%emt 0:00:07]} O-O {[%emt 0:00:25]} 11. g5 {[%emt
0:00:05]} Ne8 {[%emt 0:00:01]} 12. Bd3 {[%emt 0:00:06]} Nc5 {[%emt 0:00:08]}
13. f5 {[%emt 0:00:50]} b5 {[%emt 0:01:33]} 14. Rhg1 {[%emt 0:00:05]} b4 {[%emt
0:00:07]} 15. Nb1 {[%emt 0:00:18]} e5 {[%emt 0:00:28]} 16. Nb3 {[%emt 0:00:48]}
Nxd3+ {[%emt 0:00:20]} 17. Rxd3 {[%emt 0:00:03]} Bb7 {[%emt 0:00:05]} 18. f6 {
[%emt 0:00:06]} Bd8 {[%emt 0:00:02]} 19. fxg7 {[%emt 0:00:24]} Nxg7 {[%emt
0:00:00]} 20. h4 {[%emt 0:00:08]} Rc8 {[%emt 0:00:07]} 21. Rd2 {[%emt 0:00:05]}
Qc4 {[%emt 0:00:11]} 22. Bf2 {[%emt 0:00:48]} Bxe4 {[%emt 0:00:14]} 23. Qe2 {
[%emt 0:00:02]} Qxe2 {[%emt 0:00:26]} 24. Rxe2 {[%emt 0:00:04]} Bd5 {[%emt
0:00:03]} 25. Rd2 {[%emt 0:00:05]} Bxb3 {[%emt 0:00:10]} 26. axb3 {[%emt
0:00:02] } Nf5 {[%emt 0:00:02]} 27. Rd5 {[%emt 0:00:07]} Rc6 {[%emt 0:00:18]}
28. Nd2 { [%emt 0:00:05]} Bb6 {[%emt 0:00:14]} 29. Bxb6 {[%emt 0:00:04]} Rxb6
{[%emt 0:00:00]} 30. Ne4 {[%emt 0:00:01]} Rd8 {[%emt 0:00:08]} 31. Nf6+ {[%emt
0:00:05]} Kg7 {[%emt 0:00:06]} 32. Re1 {[%emt 0:00:23]} Rc8 {[%emt 0:00:25]}
33. Red1 { [%emt 0:00:10]} Nd4 {[%emt 0:00:06]} 34. R5xd4 {[%emt 0:00:21]} exd4
{[%emt 0:00:02]} 35. Rxd4 {[%emt 0:00:01]} Rbc6 {[%emt 0:00:04]} 36. Rd2 {[%emt
0:00:02] } h6 {[%emt 0:00:06]} 37. Ne4 {[%emt 0:00:16]} hxg5 {[%emt 0:00:08]}
38. hxg5 { [%emt 0:00:03]} Kg6 {[%emt 0:00:33]} 39. Kd1 {[%emt 0:00:37]} Re8
{[%emt 0:00:29]} 40. Nxd6 {[%emt 0:00:14]} Rd8 {[%emt 0:00:03]} 41. Ne4 {[%emt
0:00:02]} Rxd2+ {[%emt 0:00:02]} 42. Kxd2 {[%emt 0:00:02]} Kf5 {[%emt 0:00:02]}
43. Kd3 { [%emt 0:00:05]} Ke5 {[%emt 0:01:08]} 44. c3 {[%emt 0:00:21]} bxc3
{[%emt 0:00:05]} 45. bxc3 {[%emt 0:00:01]} Rc8 {[%emt 0:00:26]} 46. Nf2 {[%emt
0:01:09]} Kf4 {[%emt 0:00:16]} 47. Kd4 {[%emt 0:00:15]} Kxg5 {[%emt 0:00:10]}
48. Ne4+ { [%emt 0:00:02]} Kf4 {[%emt 0:00:08]} 49. Nd6 {[%emt 0:00:04]} Rd8
{[%emt 0:00:02]} 50. Kc5 {[%emt 0:00:01]} f5 {[%emt 0:00:11]} 51. c4 {[%emt
0:00:06]} Kg4 { [%emt 0:00:12]} 52. b4 {[%emt 0:00:11]} f4 {[%emt 0:00:09]} 53.
Nf7 {[%emt 0:00:09]} Re8 {[%emt 0:00:18]} 54. Kb6 {[%emt 0:00:17]} f3 {[%emt
0:00:05]} 55. c5 {[%emt 0:00:02]} f2 {[%emt 0:00:02]} 56. Nh6+ {[%emt 0:00:05]}
Kg5 {[%emt 0:00:03]} 57. Nf7+ {[%emt 0:00:01]} Kg6 {[%emt 0:00:03]} 58. Nd6
{[%emt 0:00:05]} Re6 {[%emt 0:00:01]} 59. Kxa6 {[%emt 0:00:08]} f1=Q+ {[%emt
0:00:02]} 60. b5 { [%emt 0:00:04]} Qc4 {[%emt 0:00:15]} 61. Kb6 {[%emt
0:00:13]} Kf6 {[%emt 0:00:10]} 62. Kc6 {[%emt 0:00:05]} Ke7 {[%emt 0:00:05]}
63. b6 {[%emt 0:00:04]} Qa4+ {[%emt 0:00:02]} 64. Kc7 {[%emt 0:00:04]} Re5
{[%emt 0:00:03]} 65. Nc8+ { [%emt 0:00:06]} Ke8 {[%emt 0:00:02]} 66. c6 {[%emt
0:00:01]} Rc5 {[%emt 0:00:01]} 67. Na7 {[%emt 0:00:04]} Qa5 {[%emt 0:00:01]}
68. Kb7 {[%emt 0:00:11]} Rc4 {[%emt 0:00:01]} 69. c7 {[%emt 0:00:03]} Qd5+
{[%emt 0:00:01]} 70. Kb8 { [%emt 0:00:02]} Qd6 {[%emt 0:00:02]} 71. Kb7 {[%emt
0:00:07]} Qd7 {[%emt 0:00:01]} 72. Kb8 {[%emt 0:00:05]} Ke7 {[%emt 0:00:01]}
73. c8=Q {[%emt 0:00:10]} Rxc8+ {[%emt 0:00:01]} 74. Nxc8+ {[%emt 0:00:01]} Kd8
{[%emt 0:00:01]} 75. b7 { [%emt 0:00:02]} Qc7+ {[%emt 0:00:01]} 76. Ka8 {[%emt
0:00:01]} Qa5+ {[%emt 0:00:01]} 77. Na7 {[%emt 0:00:02]} Qd5 {[%emt 0:00:03]}
78. Kb8 {[%emt 0:00:04]} Kd7 {[%emt 0:00:01]} 79. Nc8 {[%emt 0:00:05]} Qa5
{[%emt 0:00:04]} 80. Na7 { [%emt 0:00:04] Erlang3-002 offers a draw} Kd6 {[%emt
0:00:06]} 81. Ka8 { [%emt 0:00:02]} Qd5 {[%emt 0:00:03]} 82. Kb8 {[%emt
0:00:03]} Kc5 {[%emt 0:00:02]} 83. Kc8 {[%emt 0:00:05]} Qe6+ {[%emt 0:00:02]}
84. Kd8 {[%emt 0:00:10]} Qb6+ {[%emt 0:00:01]} 85. Kc8 {[%emt 0:00:03]} Qa6
{[%emt 0:00:01]} 86. Kb8 { [%emt 0:00:02]} Kb4 {[%emt 0:00:06]} 87. Ka8 {[%emt
0:00:01]} Qb5 {[%emt 0:00:07]} 88. b8=Q {[%emt 0:00:02]} Qxb8+ {[%emt 0:00:02]}
89. Kxb8 {[%emt 0:00:01]} 1/2-1/2

[Event "DSJ Weihnachtsturnier U16: Lasker 2020"]
[Site ""]
[Date "2020.12.28"]
[Round "2"]
[White "Schäfer, Konstantin"]
[Black "Isbilir, Levin"]
[Result "1/2-1/2"]
[Termination "normal"]
[Board "4.3"]
[WhiteElo "1754"]
[BlackElo "1325"]
[WhiteTeam "Schachgemeinschaft Leipzig"]
[BlackTeam "SC Erlangen 48/88"]
[PlyCount "187"]
[WhiteFideId "16240510"]
[BlackFideId "16267192"]
[EventRounds "7"]
[EventType "team-swiss"]
[EventDate "2020.12.28"]

1. e4 {[%emt 0:00:05]} c5 {[%emt 0:00:09]} 2. Nf3 {[%emt 0:00:02]} d6 {[%emt
0:00:02]} 3. d4 {[%emt 0:00:02]} cxd4 {[%emt 0:00:00]} 4. Nxd4 {[%emt 0:00:00]}
Nf6 {[%emt 0:00:02]} 5. f3 {[%emt 0:00:08]} g6 {[%emt 0:00:02]} 6. c4 {[%emt
0:00:01]} Bg7 {[%emt 0:00:02]} 7. Nc3 {[%emt 0:00:06]} Nc6 {[%emt 0:00:03]} 8.
Nc2 {[%emt 0:00:03]} O-O {[%emt 0:00:08]} 9. Be3 {[%emt 0:00:11]} Be6 {[%emt
0:00:06]} 10. Qd2 {[%emt 0:00:22]} Ne5 {[%emt 0:00:09]} 11. b3 {[%emt 0:00:28]}
Qa5 {[%emt 0:00:14]} 12. Be2 {[%emt 0:00:20]} Nfd7 {[%emt 0:00:17]} 13. Nd4 {
[%emt 0:02:04]} Rfc8 {[%emt 0:00:20]} 14. Rc1 {[%emt 0:00:26]} Nc5 {[%emt
0:00:21]} 15. O-O {[%emt 0:00:19]} Nc6 {[%emt 0:00:21]} 16. Rfd1 {[%emt
0:01:34]} Bd7 {[%emt 0:02:01]} 17. Nxc6 {[%emt 0:00:36]} bxc6 {[%emt 0:00:16]}
18. Bd4 { [%emt 0:00:26]} Rab8 {[%emt 0:01:25]} 19. Bf1 {[%emt 0:01:22]} Qb6
{[%emt 0:00:40]} 20. Kh1 {[%emt 0:00:24]} Bxd4 {[%emt 0:00:48]} 21. Qxd4 {[%emt
0:00:00]} Be6 {[%emt 0:00:06]} 22. e5 {[%emt 0:00:14]} dxe5 {[%emt 0:00:17]}
23. Qxe5 { [%emt 0:00:00]} Rd8 {[%emt 0:00:08]} 24. Ne4 {[%emt 0:00:21]} Nxe4
{[%emt 0:00:20]} 25. Qxe4 {[%emt 0:00:00]} Rxd1 {[%emt 0:00:16]} 26. Rxd1
{[%emt 0:00:01]} Rd8 {[%emt 0:00:01]} 27. Rxd8+ {[%emt 0:00:17]} Qxd8 {[%emt
0:00:05]} 28. Qxc6 {[%emt 0:00:01]} Qd1 {[%emt 0:00:04]} 29. Kg1 {[%emt
0:00:01]} Qd4+ {[%emt 0:00:39]} 30. Kh1 {[%emt 0:00:02]} Qf2 {[%emt 0:00:01]}
31. h3 {[%emt 0:00:23]} Qxf1+ {[%emt 0:00:03]} 32. Kh2 {[%emt 0:00:01]} Qf2
{[%emt 0:00:07]} 33. Qe8+ { [%emt 0:00:09]} Kg7 {[%emt 0:00:02]} 34. Qxe7
{[%emt 0:00:00]} Qxa2 {[%emt 0:00:03]} 35. Qb7 {[%emt 0:00:03]} Bf5 {[%emt
0:00:27]} 36. c5 {[%emt 0:00:07]} Be6 {[%emt 0:00:43]} 37. b4 {[%emt 0:00:03]}
a5 {[%emt 0:00:09]} 38. b5 { [%emt 0:00:12]} Qb2 {[%emt 0:00:02]} 39. b6 {[%emt
0:00:10]} a4 {[%emt 0:00:05] } 40. Qa7 {[%emt 0:00:04]} Qe5+ {[%emt 0:00:15]}
41. Kh1 {[%emt 0:00:01]} Qxc5 {[%emt 0:00:02]} 42. Qxa4 {[%emt 0:00:04]} Qxb6
{[%emt 0:00:01]} 43. Kh2 { [%emt 0:00:00]} Qd6+ {[%emt 0:00:02]} 44. Kh1 {[%emt
0:00:02]} Qd5 {[%emt 0:00:01]} 45. Kh2 {[%emt 0:00:04]} Qe5+ {[%emt 0:00:01]}
46. Kh1 {[%emt 0:00:02]} Qe1+ {[%emt 0:00:01]} 47. Kh2 {[%emt 0:00:00]} Qe5+
{[%emt 0:00:00]} 48. Kh1 { [%emt 0:00:01]} Qd5 {[%emt 0:00:02]} 49. Kh2 {[%emt
0:00:01]} Qc4 {[%emt 0:00:01]} 50. Qa5 {[%emt 0:00:05]} Qd4 {[%emt 0:00:05]}
51. Qa3 {[%emt 0:00:08]} Qd5 {[%emt 0:00:03]} 52. Kh1 {[%emt 0:00:01]} h5
{[%emt 0:00:02]} 53. Kh2 {[%emt 0:00:01]} Qe5+ {[%emt 0:00:02]} 54. Kh1 {[%emt
0:00:01]} Qg3 {[%emt 0:00:01]} 55. Qc3+ {[%emt 0:00:02]} Kh7 {[%emt 0:00:02]}
56. Kg1 {[%emt 0:00:03]} Qf4 { [%emt 0:00:01]} 57. Kh1 {[%emt 0:00:02]} Qf5
{[%emt 0:00:01]} 58. Kg1 {[%emt 0:00:02]} g5 {[%emt 0:00:06]} 59. Kh1 {[%emt
0:00:02]} Qg6 {[%emt 0:00:01]} 60. Qe5 {[%emt 0:00:03]} Qg7 {[%emt 0:00:02]}
61. Qe3 {[%emt 0:00:02]} Qg6 { [%emt 0:00:04]} 62. Qe5 {[%emt 0:00:01]} Qg7
{[%emt 0:00:02]} 63. Qe3 {[%emt 0:00:01]} Qf6 {[%emt 0:00:01]} 64. Kh2 {[%emt
0:00:01]} Kg6 {[%emt 0:00:01]} 65. Kh1 {[%emt 0:00:04]} Kg7 {[%emt 0:00:03]}
66. Kg1 {[%emt 0:00:02]} Kg6 { [%emt 0:00:02]} 67. Kh1 {[%emt 0:00:01]} Bf5
{[%emt 0:00:02]} 68. Kg1 {[%emt 0:00:04]} Qe6 {[%emt 0:00:01]} 69. Qd4 {[%emt
0:00:02]} Qe1+ {[%emt 0:00:02]} 70. Kh2 {[%emt 0:00:01]} Qe6 {[%emt 0:00:01]}
71. Qd2 {[%emt 0:00:04]} Qe5+ { [%emt 0:00:01]} 72. Kh1 {[%emt 0:00:02]} Qf4
{[%emt 0:00:01]} 73. Qe2 {[%emt 0:00:04]} Qd6 {[%emt 0:00:03]} 74. Kg1 {[%emt
0:00:03]} Qe6 {[%emt 0:00:01]} 75. Qd2 {[%emt 0:00:02]} f6 {[%emt 0:00:02]} 76.
Kh1 {[%emt 0:00:01]} Qe5 {[%emt 0:00:02]} 77. Kg1 {[%emt 0:00:01]} Qc5+ {[%emt
0:00:02]} 78. Kh2 {[%emt 0:00:01]} Qc7+ {[%emt 0:00:02]} 79. Kh1 {[%emt
0:00:01]} Qe7 {[%emt 0:00:03]} 80. Kg1 { [%emt 0:00:01]} g4 {[%emt 0:00:02]}
81. hxg4 {[%emt 0:00:04]} hxg4 {[%emt 0:00:01]} 82. fxg4 {[%emt 0:00:01]} Bxg4
{[%emt 0:00:01]} 83. Qd3+ {[%emt 0:00:01]} f5 {[%emt 0:00:01]} 84. Qg3 {[%emt
0:00:03]} Qe4 {[%emt 0:00:04]} 85. Qd6+ { [%emt 0:00:02]} Kg5 {[%emt 0:00:04]}
86. Qd8+ {[%emt 0:00:01]} Kg6 {[%emt 0:00:02]} 87. Qd6+ {[%emt 0:00:02]} Kf7
{[%emt 0:00:02]} 88. Qc7+ {[%emt 0:00:04]} Qe7 {[%emt 0:00:01]} 89. Qc4+ {[%emt
0:00:01]} Kf8 {[%emt 0:00:02]} 90. Qc8+ { [%emt 0:00:02]} Qe8 {[%emt 0:00:01]}
91. Qc5+ {[%emt 0:00:01]} Kg7 {[%emt 0:00:02]} 92. Qc3+ {[%emt 0:00:02]} Kg6
{[%emt 0:00:01]} 93. Qd2 {[%emt 0:00:06]} Qe4 {[%emt 0:00:03]} 94. Qd6+ {[%emt
0:00:02]} 1/2-1/2

[Event "DSJ Weihnachtsturnier U16: Lasker 2020"]
[Site ""]
[Date "2020.12.28"]
[Round "2"]
[White "Wu, Wilfried"]
[Black "Petzke, Julian"]
[Result "1-0"]
[Termination "normal"]
[Board "4.4"]
[WhiteElo "1461"]
[BlackElo "1514"]
[WhiteTeam "SC Erlangen 48/88"]
[BlackTeam "Schachgemeinschaft Leipzig"]
[PlyCount "45"]
[WhiteFideId "16260775"]
[BlackFideId "16244885"]
[EventRounds "7"]
[EventType "team-swiss"]
[EventDate "2020.12.28"]

1. e4 {[%emt 0:00:10]} e6 {[%emt 0:00:07]} 2. d4 {[%emt 0:00:03]} d5 {[%emt
0:00:02]} 3. exd5 {[%emt 0:00:03]} exd5 {[%emt 0:00:02]} 4. Bd3 {[%emt
0:00:05]} Bd6 {[%emt 0:00:02]} 5. Nf3 {[%emt 0:00:24]} Nf6 {[%emt 0:00:03]} 6.
c4 { [%emt 0:00:06]} c6 {[%emt 0:00:08]} 7. Nc3 {[%emt 0:00:04]} O-O {[%emt
0:00:19] } 8. cxd5 {[%emt 0:00:10]} cxd5 {[%emt 0:00:05]} 9. Bg5 {[%emt
0:00:06]} Re8+ { [%emt 0:00:13]} 10. Be2 {[%emt 0:00:22]} Be6 {[%emt 0:00:26]}
11. O-O {[%emt 0:00:31]} Nbd7 {[%emt 0:00:17]} 12. Bb5 {[%emt 0:00:37]} a6
{[%emt 0:00:31]} 13. Bxd7 {[%emt 0:01:12]} Qxd7 {[%emt 0:00:52]} 14. Bxf6
{[%emt 0:00:25]} gxf6 { [%emt 0:00:02]} 15. Qb3 {[%emt 0:00:45]} Kh8 {[%emt
0:00:33]} 16. Rfe1 { [%emt 0:00:21]} Rg8 {[%emt 0:00:42]} 17. Qa4 {[%emt
0:00:48] Erlang3-004 offers a draw} Rxg2+ {[%emt 0:01:46]} 18. Kxg2 {[%emt
0:00:27]} Bh3+ {[%emt 0:00:06]} 19. Kh1 {[%emt 0:00:07]} Qg4 {[%emt 0:00:10]}
20. Re8+ {[%emt 0:00:42]} Kg7 {[%emt 0:00:35]} 21. Rg1 {[%emt 0:00:11]} Rxe8
{[%emt 0:00:57] SGLeipz3-004 offers a draw} 22. Qxe8 {[%emt 0:00:31]} Qxg1+
{[%emt 0:00:52]} 23. Kxg1 {[%emt 0:00:06]} 1-0

[Event "DSJ Weihnachtsturnier U16: Lasker 2020"]
[Site ""]
[Date "2020.12.28"]
[Round "2"]
[White "Koll, Linus"]
[Black "Hommer, Jeremy"]
[Result "0-1"]
[Termination "normal"]
[Board "5.1"]
[WhiteElo "1963"]
[BlackElo "2180"]
[WhiteTeam "Karlsruher SF 1853"]
[BlackTeam "SC Turm Lüneburg"]
[PlyCount "140"]
[WhiteFideId "12990299"]
[BlackFideId "12992577"]
[EventRounds "7"]
[EventType "team-swiss"]
[EventDate "2020.12.28"]

1. e4 {[%emt 0:00:05]} e6 {[%emt 0:00:01]} 2. d4 {[%emt 0:00:02]} d5 {[%emt
0:00:01]} 3. exd5 {[%emt 0:00:01]} exd5 {[%emt 0:00:02]} 4. Nf3 {[%emt
0:00:01]} Bd6 {[%emt 0:00:02]} 5. c4 {[%emt 0:00:02]} Nf6 {[%emt 0:00:13]} 6.
c5 { [%emt 0:00:08]} Be7 {[%emt 0:00:02]} 7. Bd3 {[%emt 0:00:01]} O-O {[%emt
0:00:09]} 8. O-O {[%emt 0:00:02]} Bg4 {[%emt 0:00:01]} 9. Nbd2 {[%emt 0:00:06]}
b6 { [%emt 0:00:06]} 10. Qc2 {[%emt 0:00:04]} bxc5 {[%emt 0:00:28]} 11. dxc5 {
[%emt 0:00:04]} c6 {[%emt 0:00:01]} 12. b4 {[%emt 0:00:11]} Nbd7 {[%emt
0:00:09]} 13. Bb2 {[%emt 0:00:13]} Bh5 {[%emt 0:00:15]} 14. Ne5 {[%emt
0:00:06]} Nxe5 {[%emt 0:00:07]} 15. Bxe5 {[%emt 0:00:02]} Bg6 {[%emt 0:00:01]}
16. f4 { [%emt 0:00:17]} Bxd3 {[%emt 0:00:03]} 17. Qxd3 {[%emt 0:00:02]} Ne8
{[%emt 0:00:10]} 18. f5 {[%emt 0:00:29]} Bf6 {[%emt 0:00:03]} 19. Qd4 {[%emt
0:00:23]} Bxe5 {[%emt 0:00:08]} 20. Qxe5 {[%emt 0:00:03]} Nf6 {[%emt 0:00:21]}
21. Qd4 { [%emt 0:00:27]} Re8 {[%emt 0:00:08]} 22. a4 {[%emt 0:00:23]} Qd7
{[%emt 0:01:07]} 23. Ra3 {[%emt 0:01:29]} Ne4 {[%emt 0:00:26]} 24. Nxe4 {[%emt
0:01:56]} Rxe4 {[%emt 0:00:03]} 25. Qd2 {[%emt 0:00:13]} f6 {[%emt 0:00:18]}
26. Re3 { [%emt 0:01:31]} Rae8 {[%emt 0:00:06]} 27. Rxe4 {[%emt 0:00:10]} Rxe4
{[%emt 0:00:00]} 28. b5 {[%emt 0:00:51]} Rxa4 {[%emt 0:00:21]} 29. b6 {[%emt
0:00:01]} Qe7 {[%emt 0:00:46]} 30. Kh1 {[%emt 0:00:59]} Qxc5 {[%emt 0:00:45]}
31. b7 { [%emt 0:00:03]} Rb4 {[%emt 0:00:02]} 32. Rc1 {[%emt 0:00:08]} Qd6
{[%emt 0:00:53]} 33. Qe2 {[%emt 0:00:30]} Rxb7 {[%emt 0:00:11]} 34. Qe8+ {[%emt
0:00:01]} Qf8 {[%emt 0:00:01]} 35. Qxc6 {[%emt 0:00:00]} Rb8 {[%emt 0:01:15]}
36. h3 { [%emt 0:00:01]} Rd8 {[%emt 0:00:16]} 37. Qe6+ {[%emt 0:00:01]} Qf7
{[%emt 0:00:01]} 38. Qe3 {[%emt 0:00:06]} d4 {[%emt 0:00:05]} 39. Qd3 {[%emt
0:00:01]} Qd5 {[%emt 0:00:05]} 40. Kh2 {[%emt 0:00:01]} Kh8 {[%emt 0:00:18]}
41. Rb1 { [%emt 0:00:01]} h5 {[%emt 0:00:14]} 42. Rb5 {[%emt 0:00:03]} Qd6+
{[%emt 0:00:03]} 43. Kh1 {[%emt 0:00:02]} Qf4 {[%emt 0:00:04]} 44. Qe2 {[%emt
0:00:02]} Qg5 {[%emt 0:00:08]} 45. Rb3 {[%emt 0:00:01]} Kh7 {[%emt 0:00:07]}
46. Rd3 { [%emt 0:00:01]} Kh6 {[%emt 0:00:10]} 47. Rf3 {[%emt 0:00:01]} Rd5
{[%emt 0:00:23]} 48. h4 {[%emt 0:00:01]} Qg4 {[%emt 0:00:06]} 49. Kh2 {[%emt
0:00:04]} Rxf5 {[%emt 0:00:09]} 50. Qd2+ {[%emt 0:00:01]} g5 {[%emt 0:00:19]}
51. hxg5+ { [%emt 0:00:01]} Qxg5 {[%emt 0:00:01]} 52. Qxd4 {[%emt 0:00:05]}
Rxf3 {[%emt 0:00:04]} 53. gxf3 {[%emt 0:00:00]} Qe5+ {[%emt 0:00:01]} 54. Qxe5
{[%emt 0:00:01]} fxe5 {[%emt 0:00:01]} 55. Kg3 {[%emt 0:00:00]} Kg5 {[%emt
0:00:02]} 56. Kf2 {[%emt 0:00:00]} Kf4 {[%emt 0:00:02]} 57. Ke2 {[%emt
0:00:00]} e4 {[%emt 0:00:01]} 58. fxe4 {[%emt 0:00:02]} Kxe4 {[%emt 0:00:01]}
59. Kd2 {[%emt 0:00:01] } a5 {[%emt 0:00:01]} 60. Kc2 {[%emt 0:00:01]} h4
{[%emt 0:00:01]} 61. Kb3 { [%emt 0:00:06]} h3 {[%emt 0:00:02]} 62. Ka4 {[%emt
0:00:00]} h2 {[%emt 0:00:00] } 63. Kxa5 {[%emt 0:00:00]} h1=Q {[%emt 0:00:01]}
64. Kb4 {[%emt 0:00:00]} Qc1 {[%emt 0:00:02]} 65. Kb3 {[%emt 0:00:01]} Kd4
{[%emt 0:00:02]} 66. Kb4 { [%emt 0:00:01]} Qc4+ {[%emt 0:00:02]} 67. Ka3 {[%emt
0:00:01]} Qb5 {[%emt 0:00:01]} 68. Ka2 {[%emt 0:00:01]} Qb4 {[%emt 0:00:01]}
69. Ka1 {[%emt 0:00:00]} Kc3 {[%emt 0:00:01]} 70. Ka2 {[%emt 0:00:01]} Qb2#
{[%emt 0:00:00]} 0-1

[Event "DSJ Weihnachtsturnier U16: Lasker 2020"]
[Site ""]
[Date "2020.12.28"]
[Round "2"]
[White "Wusterack, Paul"]
[Black "Wang, Xinyuan"]
[Result "1/2-1/2"]
[Termination "normal"]
[Board "5.2"]
[WhiteElo "1649"]
[BlackElo "1759"]
[WhiteTeam "SC Turm Lüneburg"]
[BlackTeam "Karlsruher SF 1853"]
[PlyCount "103"]
[WhiteFideId "16255356"]
[BlackFideId "16221494"]
[EventRounds "7"]
[EventType "team-swiss"]
[EventDate "2020.12.28"]

1. e4 {[%emt 0:00:04]} c5 {[%emt 0:00:02]} 2. Nf3 {[%emt 0:00:02]} a6 {[%emt
0:00:03]} 3. d4 {[%emt 0:00:07]} cxd4 {[%emt 0:00:00]} 4. Nxd4 {[%emt 0:00:01]}
Nf6 {[%emt 0:00:03]} 5. Nc3 {[%emt 0:00:01]} e5 {[%emt 0:00:04]} 6. Nb3 { [%emt
0:00:07]} Bb4 {[%emt 0:00:03]} 7. Bd3 {[%emt 0:00:08]} O-O {[%emt 0:00:03]} 8.
O-O {[%emt 0:00:04]} Bxc3 {[%emt 0:00:03]} 9. bxc3 {[%emt 0:00:10]} h6 {[%emt
0:00:02]} 10. Be3 {[%emt 0:00:20]} d6 {[%emt 0:00:25]} 11. f3 {[%emt 0:00:20]}
Be6 {[%emt 0:00:13]} 12. Qd2 {[%emt 0:00:10]} Nc6 {[%emt 0:00:30]} 13. Rfd1
{[%emt 0:00:18]} Qc7 {[%emt 0:00:06]} 14. Qf2 {[%emt 0:00:11]} Ne7 { [%emt
0:00:17]} 15. c4 {[%emt 0:00:25]} Rac8 {[%emt 0:00:52]} 16. c5 {[%emt 0:00:12]}
d5 {[%emt 0:00:17]} 17. exd5 {[%emt 0:00:16]} Nexd5 {[%emt 0:00:34]} 18. Bd2
{[%emt 0:00:46]} Rfe8 {[%emt 0:00:46]} 19. g3 {[%emt 0:00:28]} Nd7 { [%emt
0:00:30]} 20. c4 {[%emt 0:00:10]} Ne7 {[%emt 0:00:23]} 21. Ba5 {[%emt 0:00:08]}
Qb8 {[%emt 0:00:11]} 22. Rac1 {[%emt 0:00:25]} Nc6 {[%emt 0:00:26]} 23. Bb6
{[%emt 0:01:04]} Nxb6 {[%emt 0:01:50]} 24. cxb6 {[%emt 0:00:00]} Rcd8 { [%emt
0:00:02]} 25. c5 {[%emt 0:00:29]} Qc8 {[%emt 0:00:10]} 26. Be4 {[%emt 0:00:24]}
f5 {[%emt 0:00:20]} 27. Bxc6 {[%emt 0:00:06]} Qxc6 {[%emt 0:00:02]} 28. Na5
{[%emt 0:00:18]} Rxd1+ {[%emt 0:00:04]} 29. Rxd1 {[%emt 0:00:05]} Qa4 { [%emt
0:00:02]} 30. Qd2 {[%emt 0:00:18]} Qa3 {[%emt 0:00:30]} 31. Nxb7 { [%emt
0:00:15]} Qxf3 {[%emt 0:00:02]} 32. Nd6 {[%emt 0:00:11]} Rd8 {[%emt 0:00:09]}
33. Qd3 {[%emt 0:00:33]} Qc6 {[%emt 0:00:09]} 34. Rc1 {[%emt 0:00:26]} e4
{[%emt 0:00:31]} 35. Qxa6 {[%emt 0:00:18]} Rxd6 {[%emt 0:00:03]} 36. b7 { [%emt
0:00:58]} Qxa6 {[%emt 0:00:38]} 37. b8=Q+ {[%emt 0:00:03]} Kh7 {[%emt 0:00:01]}
38. Qxd6 {[%emt 0:00:05]} Qxa2 {[%emt 0:00:04]} 39. c6 {[%emt 0:00:14]} e3
{[%emt 0:00:01]} 40. c7 {[%emt 0:00:33]} Bd5 {[%emt 0:00:02]} 41. Qxd5 { [%emt
0:00:03]} Qxd5 {[%emt 0:00:08]} 42. c8=Q {[%emt 0:00:01]} e2 {[%emt 0:00:02]}
43. Qc3 {[%emt 0:00:02]} Qd1+ {[%emt 0:00:07]} 44. Qe1 {[%emt 0:00:03]} Qd4+
{[%emt 0:00:01]} 45. Kg2 {[%emt 0:00:02]} Qe4+ {[%emt 0:00:03]} 46. Kf2 { [%emt
0:00:01]} f4 {[%emt 0:00:12]} 47. Qxe2 {[%emt 0:00:02]} Qd4+ {[%emt 0:00:02]}
48. Kg2 {[%emt 0:00:02]} Qd5+ {[%emt 0:00:04]} 49. Kf1 {[%emt 0:00:03]} Qh1+
{[%emt 0:00:03]} 50. Kf2 {[%emt 0:00:01]} fxg3+ {[%emt 0:00:04]} 51. hxg3
{[%emt 0:00:02]} Qxc1 {[%emt 0:00:02]} 52. Qe4+ {[%emt 0:00:01] Lueneburg002
offers a draw} 1/2-1/2